000 01314nam1a22003133 4500
001 rc\2831933
005 20250807190300.0
035 _a(NLR Aleph) 006989868
090 _a88752
_c88752
100 _a20250807 rusy50
101 1 _abel
_crus
102 _aRU
105 _a||||j||||||y|
181 0 _ai
_bxxxe
182 0 _an
200 1 _aЗборнік алгебраічных задач
_eдля сямігадовай і сярэдняй школы
_e[перевод с 11-го рус. изд.]
_fШапашнікаў [Н. А.] і Н. К. Вальцаў
203 _aТекст
_bвизуальный
_cнепосредственный
205 _aВыд. 6-е
210 _a[Б. м.]
_cДзяржаўнае выд-ва БССР
_d1944–
_eМосква
_gКрасный пролетарий
215 _d20
700 1 _aШапошников
_bН. А.
_cматематик
_f1851-1920
_gНиколай Александрович
_3RU\NLR\AUTH\770278604
701 1 _aВальцов
_bН. К.
_f1858-1900
_gНиколай Константинович
_3RU\NLR\AUTH\770278607
852 _aNLR
_jМт10 Г-3/90
899 _aНБ Беларуси
942 _cBOOK
945 _aРоссийская национальная библиотека
980 _aBEL
980 _aBV